[Event "Junior Online 4NCL Division 3"]
[Site "online"]
[Date "2021.10.28"]
[EventDate "2021.10.28"]
[Round "6.108"]
[White "Rowe, Angelica"]
[WhiteElo "1449"]
[WhiteTeam "Leeds Juniors 1"]
[Black "Thorburn, Rory"]
[BlackElo "1128"]
[BlackTeam "Tetherdown Bishops"]
[Result "1-0"]
[PlyCount "73"]

1. e4 e5 2. Bc4 Nc6 3. Ne2 Na5 4. Bb3 Nxb3 5. axb3 Bc5 6. d3 Qf6 7. O-O Nh6 8. Be3 Bd4 9. Bxd4 exd4 10. f4 d6 11. Qe1 c5 12. c3 dxc3 13. Nbxc3 O-O 14. Qg3 b5 15. f5 b4 16. Nd5 Qxb2 17. f6 g6 18. Qh4 Ng4 19. Ne7+ Kh8 20. Nf4 Nxf6 21. Nfxg6+ fxg6 22. Nxg6+ Kg7 23. Nxf8 Kxf8 24. Rxf6+ Ke8 25. Raf1 Kd7 26. Qxh7+ Kc6 27. Qg6 Qd4+ 28. Kh1 Ba6 29. Rxd6+ Qxd6 30. Rf6 Qxf6 31. Qxf6+ Kb5 32. h3 Ka5 33. d4 cxd4 34. Qxd4 Rf8 35. Qc5+ Bb5 36. Qxf8 a6 37. Qd8# 1-0

[Event "Junior Online 4NCL Division 3"]
[Site "online"]
[Date "2021.10.28"]
[EventDate "2021.10.28"]
[Round "6.111"]
[White "Spitz, Danny"]
[WhiteElo "1370"]
[WhiteTeam "Coldfall Bishops"]
[Black "Zhou, Richard"]
[BlackElo "1300"]
[BlackTeam "Edgware Gambits D"]
[Result "1-0"]
[PlyCount "67"]

1. e4 c5 2. Nf3 Nc6 3. d4 cxd4 4. Nxd4 e5 5. Nxc6 bxc6 6. Bc4 Nf6 7. Nc3 Bc5 8. Bg5 Bb7 9. Qd2 h6 10. Bh4 O-O 11. O-O-O Nxe4 12. Nxe4 Qxh4 13. Nxc5 Qxc4 14. Nxb7 Rab8 15. Qxd7 Qb5 16. b3 Rxb7 17. Qd6 Rfb8 18. Rhe1 Qa5 19. a3 Qxa3+ 20. Qxa3 Re8 21. Rd2 e4 22. Red1 Rbb8 23. Qxa7 Ra8 24. Qxa8 Rxa8 25. Rd8+ Rxd8 26. Rxd8+ Kh7 27. Rc8 Kg6 28. Rxc6+ Kf5 29. b4 Ke5 30. b5 Kd5 31. Rc8 f5 32. b6 Kd6 33. b7 Kd7 34. b8=Q 1-0

[Event "Junior Online 4NCL Division 3"]
[Site "online"]
[Date "2021.10.28"]
[EventDate "2021.10.28"]
[Round "6.112"]
[White "Jowell, Leo"]
[WhiteElo "1291"]
[WhiteTeam "Edgware Gambits D"]
[Black "Haga, Xander"]
[BlackElo "1175"]
[BlackTeam "Coldfall Bishops"]
[Result "0-1"]
[PlyCount "128"]

1. d4 e6 2. c4 Nf6 3. Nc3 Bb4 4. Bf4 O-O 5. Nf3 Ne4 6. Rc1 Nxc3 7. bxc3 Ba3 8. Rb1 Be7 9. e3 c6 10. c5 Qa5 11. Qd2 Na6 12. Bd3 Nc7 13. O-O Nd5 14. Be5 Nxc3 15. Rbc1 f6 16. Bd6 Bxd6 17. cxd6 Qxa2 18. Qxc3 Qd5 19. Qc2 g6 20. Nh4 Qh5 21. Nf3 b5 22. e4 Bb7 23. e5 f5 24. Rfd1 Rac8 25. Qa2 a6 26. Be2 Qh6 27. g3 f4 28. Nd2 fxg3 29. hxg3 Qh3 30. Bf3 g5 31. Bg2 Qf5 32. Nf3 c5 33. Qd2 Bxf3 34. Bxf3 Qxf3 35. Qxg5+ Kh8 36. Rd2 Rg8 37. Qf6+ Qxf6 38. exf6 c4 39. g4 Rxg4+ 40. Kh2 Rf4 41. Kg3 Rxf6 42. f4 Rc6 43. Rcd1 Rxd6 44. d5 exd5 45. Rxd5 Rxd5 46. Rxd5 Rf7 47. Kg4 c3 48. Rc5 b4 49. Kg5 d6 50. Rc4 a5 51. f5 Rg7+ 52. Kf6 h5 53. Ke6 Rg4 54. Rxg4 hxg4 55. f6 Kg8 56. f7+ Kf8 57. Kf6 g3 58. Kg6 g2 59. Kh7 g1=Q 60. Kh6 Kxf7 61. Kh5 Kf6 62. Kh4 Kf5 63. Kh3 Kf4 64. Kh4 Qg4# 0-1

[Event "Junior Online 4NCL Division 3"]
[Site "online"]
[Date "2021.10.28"]
[EventDate "2021.10.28"]
[Round "6.113"]
[White "Haga, Viktor"]
[WhiteElo "1173"]
[WhiteTeam "Coldfall Bishops"]
[Black "Khan, TaoHai"]
[BlackElo "1208"]
[BlackTeam "Edgware Gambits D"]
[Result "0-1"]
[PlyCount "68"]

1. e4 e5 2. Nf3 Nc6 3. Nc3 Nf6 4. Bc4 Bc5 5. O-O O-O 6. h3 d6 7. d3 h6 8. Be3 Bb6 9. a3 Be6 10. Bb3 Re8 11. Nd5 Bxd5 12. Bxd5 Nxd5 13. exd5 Ne7 14. d4 Nxd5 15. dxe5 Nxe3 16. fxe3 Bxe3+ 17. Kh2 dxe5 18. Qxd8 Raxd8 19. Rad1 e4 20. Rxd8 Rxd8 21. Ne5 Bd4 22. Nxf7 Rf8 23. Rd1 Bxb2 24. Rb1 Bc3 25. Rb3 Bf6 26. Rxb7 Rxf7 27. Rxa7 Be5+ 28. Kg1 Bd4+ 29. Kh2 Bxa7 30. Kg3 e3 31. Kh2 e2 32. Kg3 e1=Q+ 33. Kh2 Qe5+ 34. Kh1 Rf1# 0-1

[Event "Junior Online 4NCL Division 3"]
[Site "online"]
[Date "2021.10.28"]
[EventDate "2021.10.28"]
[Round "6.114"]
[White "Srinivasan, Gowri"]
[WhiteElo "1205"]
[WhiteTeam "Edgware Gambits D"]
[Black "Agasee, Emilio"]
[BlackElo "1191"]
[BlackTeam "Coldfall Bishops"]
[Result "0-1"]
[PlyCount "124"]

1. d4 e5 2. e3 Nc6 3. Nc3 Nf6 4. Bd3 Bb4 5. Bd2 Bxc3 6. Bxc3 exd4 7. exd4 Qe7+ 8. Ne2 d5 9. O-O O-O 10. Qd2 Re8 11. Ng3 Be6 12. Rfe1 Ng4 13. h3 Nf6 14. Nf5 Qd7 15. Nh4 Bxh3 16. gxh3 Qxh3 17. Ng2 Ng4 18. Ne3 Nxe3 19. fxe3 Qg3+ 20. Qg2 Rxe3 21. Qxg3 Rxg3+ 22. Kf2 Rh3 23. Re2 Rh2+ 24. Kf3 Rh3+ 25. Kg2 Rh6 26. Kg3 Re6 27. Rh2 h6 28. Rg1 Rae8 29. Kf4 Rf6+ 30. Bf5 Nxd4 31. Bxd4 Re4+ 32. Kg3 Rxf5 33. Bxa7 Rg5+ 34. Kf2 Rf5+ 35. Kg2 Re2+ 36. Kh1 Re6 37. c3 b6 38. Bb8 Rg5 39. Bxc7 Rc6 40. Bf4 Rxg1+ 41. Kxg1 Rg6+ 42. Bg3 Rxg3+ 43. Kf2 Rd3 44. Ke2 Rg3 45. Kf2 Rg6 46. Ke2 Re6+ 47. Kd3 Re4 48. Rd2 f5 49. a4 f4 50. b4 f3 51. a5 bxa5 52. bxa5 Re8 53. a6 Ra8 54. Ra2 g5 55. Ke3 g4 56. Kf2 Kf7 57. Ra5 Ke6 58. Kg3 h5 59. Ra1 Ke5 60. Re1+ Kf5 61. Rf1 Rxa6 62. Kh4 Kg6 0-1

[Event "Junior Online 4NCL Division 3"]
[Site "online"]
[Date "2021.10.28"]
[EventDate "2021.10.28"]
[Round "6.115"]
[White "Zhou, Richard"]
[WhiteElo "1300"]
[WhiteTeam "Edgware Gambits D"]
[Black "Spitz, Danny"]
[BlackElo "1370"]
[BlackTeam "Coldfall Bishops"]
[Result "0-1"]
[PlyCount "118"]

1. d4 Nf6 2. c4 g6 3. Nc3 Bg7 4. g3 d6 5. Bg2 Nbd7 6. e3 e5 7. Nge2 O-O 8. O-O Nb6 9. b3 Be6 10. d5 Bg4 11. Bb2 Qd7 12. Qc2 Bh3 13. f4 Bxg2 14. Kxg2 Rfe8 15. Nb5 Ng4 16. Rf3 e4 17. Bxg7 exf3+ 18. Kxf3 Rxe3+ 19. Kg2 Kxg7 20. Qb2+ Kg8 21. Re1 Qf5 22. Ned4 Qe4+ 23. Kh3 Rxe1 24. Kxg4 h5+ 25. Kh4 g5+ 26. Kxh5 Qg6+ 27. Kg4 Rae8 28. Nxc7 R8e4 29. Qc2 Rxd4 30. Qxg6+ fxg6 31. Ne6 Rde4 32. Nxg5 R4e2 33. h4 Rxa2 34. Ne6 Rb2 35. Nd8 Rxb3 36. Nxb7 Ree3 37. Kg5 Rxg3+ 38. Kf6 Nd7+ 39. Ke7 Nc5 40. Kxd6 Nxb7+ 41. Kc7 a5 42. d6 Nxd6 43. Kxd6 a4 44. c5 a3 45. c6 a2 46. c7 Rbc3 47. f5 a1=Q 48. c8=Q+ Rxc8 49. f6 Qa6+ 50. Ke5 Rc5+ 51. Kd4 Qa4+ 52. Kxc5 Rc3+ 53. Kd5 Qd1+ 54. Ke4 Qg4+ 55. Kd5 Qc4+ 56. Ke5 Re3+ 57. Kd6 Rd3+ 58. Ke5 Qc1 59. Ke4 Qe3# 0-1

[Event "Junior Online 4NCL Division 3"]
[Site "online"]
[Date "2021.10.28"]
[EventDate "2021.10.28"]
[Round "6.116"]
[White "Haga, Xander"]
[WhiteElo "1175"]
[WhiteTeam "Coldfall Bishops"]
[Black "Jowell, Leo"]
[BlackElo "1291"]
[BlackTeam "Edgware Gambits D"]
[Result "1-0"]
[PlyCount "101"]

1. d4 Nf6 2. c4 g6 3. Nc3 Bg7 4. Nf3 O-O 5. Bg5 d6 6. e3 Nbd7 7. Bd3 e5 8. d5 h6 9. Bh4 g5 10. Bg3 Ne8 11. e4 f5 12. exf5 g4 13. Bh4 Nef6 14. Bxf6 Rxf6 15. Nd2 e4 16. Ndxe4 Rxf5 17. Qxg4 Re5 18. O-O Nf6 19. Nxf6+ Qxf6 20. Qg3 Rg5 21. Qe3 Bd7 22. Ne4 Qg6 23. Nxg5 Bd4 24. Bxg6 Bxe3 25. fxe3 Kh8 26. Nf7+ Kg7 27. Bh5 Rg8 28. Rf3 c6 29. Rg3+ Kh7 30. Rxg8 Kxg8 31. Nxh6+ Kh7 32. Nf7 Be8 33. Rf1 Kg7 34. g4 Bxf7 35. Rxf7+ Kh6 36. Rf6+ Kg5 37. Rg6+ Kh4 38. Rxd6 cxd5 39. cxd5 b5 40. Rg6 b4 41. b3 a5 42. d6 a4 43. bxa4 b3 44. axb3 Kh3 45. d7 Kh4 46. d8=Q+ Kh3 47. Qd1 Kh4 48. Qe1+ Kh3 49. Qf1+ Kh4 50. Qf2+ Kh3 51. Qg3# 1-0

[Event "Junior Online 4NCL Division 3"]
[Site "online"]
[Date "2021.10.28"]
[EventDate "2021.10.28"]
[Round "6.117"]
[White "Khan, TaoHai"]
[WhiteElo "1208"]
[WhiteTeam "Edgware Gambits D"]
[Black "Haga, Viktor"]
[BlackElo "1173"]
[BlackTeam "Coldfall Bishops"]
[Result "1-0"]
[PlyCount "53"]

1. d4 f5 2. c4 Nf6 3. Nc3 g6 4. Nf3 Bg7 5. Bf4 O-O 6. e3 Nc6 7. a3 e6 8. h3 d5 9. Be2 dxc4 10. Bxc4 Na5 11. Bd3 Nh5 12. Bh2 f4 13. e4 Bxd4 14. Nxd4 Qxd4 15. Bc2 Qb6 16. b4 Nc6 17. Na4 Qa6 18. Bd3 b5 19. Nc5 Qb6 20. Be2 Nf6 21. Bxf4 Nxe4 22. Bh6 Nxf2 23. Rf1 Rd8 24. Qc2 Nd4 25. Qc3 Nxe2 26. Kxe2 Ne4 27. Qg7# 1-0

[Event "Junior Online 4NCL Division 3"]
[Site "online"]
[Date "2021.10.28"]
[EventDate "2021.10.28"]
[Round "6.121"]
[White "Biswas, Snigdha"]
[WhiteElo "548"]
[WhiteTeam "East Kilbride Rooks"]
[Black "Groot Wassink, Emma"]
[BlackElo "1384"]
[BlackTeam "JHJ Shark Tank 6"]
[Result "0-1"]
[PlyCount "92"]

1. e4 e5 2. Nf3 Nc6 3. Nc3 Nf6 4. Bc4 Nxe4 5. d3 Nxc3 6. bxc3 d5 7. Bb3 Be6 8. c4 dxc4 9. Bxc4 Bxc4 10. dxc4 Qxd1+ 11. Kxd1 O-O-O+ 12. Ke1 Bb4+ 13. Ke2 f6 14. Rb1 Bc5 15. Be3 Bxe3 16. fxe3 g5 17. e4 h5 18. h4 g4 19. Nd2 Nd4+ 20. Kd3 Nb3+ 21. Ke2 Nxd2 22. Rbd1 Nxe4 23. Ke3 Ng3 24. Rhe1 Rxd1 25. Rxd1 Nf5+ 26. Ke2 Nxh4 27. g3 Nf5 28. c5 Nxg3+ 29. Kd2 Ne4+ 30. Kc1 Nxc5 31. a3 g3 32. c3 h4 33. Rf1 g2 34. Rg1 h3 35. Kd1 Rg8 36. Ke1 h2 37. Kf2 Nd3+ 38. Ke3 hxg1=Q+ 39. Kxd3 Qd1+ 40. Ke3 g1=Q+ 41. Ke4 Rg4+ 42. Kf5 Qf3+ 43. Ke6 Qb6+ 44. Kf7 Qd5+ 45. Ke7 Qbe6+ 46. Kf8 Rg8# 0-1

[Event "Junior Online 4NCL Division 3"]
[Site "online"]
[Date "2021.10.28"]
[EventDate "2021.10.28"]
[Round "6.122"]
[White "Stehlin, Nathan"]
[WhiteElo "1370"]
[WhiteTeam "JHJ Shark Tank 6"]
[Black "Narasimhan, Srivathsan"]
[BlackElo "501"]
[BlackTeam "East Kilbride Rooks"]
[Result "1-0"]
[PlyCount "61"]

1. c4 e5 2. e3 Nc6 3. d4 exd4 4. exd4 Nf6 5. Nc3 Bb4 6. a3 Bxc3+ 7. bxc3 O-O 8. Nf3 Re8+ 9. Be2 d6 10. O-O Ne4 11. Qc2 Bg4 12. h3 Bxf3 13. Bxf3 Ng5 14. Bxg5 Qxg5 15. Rfe1 Rxe1+ 16. Rxe1 h6 17. Qe2 Na5 18. Qd3 c5 19. Rb1 cxd4 20. cxd4 a6 21. Bxb7 Nxb7 22. Rxb7 Qc1+ 23. Kh2 Qf4+ 24. Qg3 Qxd4 25. Rd7 Qxc4 26. Rxd6 Qc5 27. Rd7 Qxa3 28. Qxa3 a5 29. Qa2 a4 30. Qxf7+ Kh7 31. Qxg7# 1-0

[Event "Junior Online 4NCL Division 3"]
[Site "online"]
[Date "2021.10.28"]
[EventDate "2021.10.28"]
[Round "6.123"]
[White "Vinodh, Sampriti"]
[WhiteElo "336"]
[WhiteTeam "East Kilbride Rooks"]
[Black "Agbota, Fenu"]
[BlackElo "1300"]
[BlackTeam "JHJ Shark Tank 6"]
[Result "0-1"]
[PlyCount "58"]

1. e4 c6 2. Nf3 d5 3. Nc3 dxe4 4. Nxe4 Nf6 5. Nxf6+ exf6 6. Bc4 Nd7 7. d3 Bc5 8. Bf4 O-O 9. O-O Re8 10. Re1 Rxe1+ 11. Qxe1 Nb6 12. b3 Bg4 13. h3 Bxf3 14. gxf3 Qd7 15. Qf1 Qd4 16. Re1 Qxf4 17. a4 Qg3+ 18. Qg2 Bxf2+ 19. Kf1 Qxg2+ 20. Kxg2 Bxe1 21. Kf1 Bg3 22. Ke2 Nxc4 23. dxc4 Re8+ 24. Kd3 Kf8 25. Kd4 Ke7 26. Kc3 Kd6 27. Kd4 Bf2+ 28. Kd3 Re3+ 29. Kd4 c5# 0-1

[Event "Junior Online 4NCL Division 3"]
[Site "online"]
[Date "2021.10.28"]
[EventDate "2021.10.28"]
[Round "6.125"]
[White "Groot Wassink, Emma"]
[WhiteElo "1384"]
[WhiteTeam "JHJ Shark Tank 6"]
[Black "Biswas, Snigdha"]
[BlackElo "548"]
[BlackTeam "East Kilbride Rooks"]
[Result "1-0"]
[PlyCount "75"]

1. e4 e5 2. Nf3 Nc6 3. Bc4 Bc5 4. c3 Nf6 5. d4 exd4 6. cxd4 Bb4+ 7. Bd2 Bxd2+ 8. Nbxd2 d5 9. exd5 Nxd5 10. O-O Be6 11. Re1 Qe7 12. Bxd5 Qd7 13. Bxe6 fxe6 14. Nb3 O-O-O 15. Nc5 Qd5 16. Nxe6 Rhe8 17. Nxd8 Qxd8 18. Rxe8 Qxe8 19. Qe1 Qd8 20. Qe6+ Qd7 21. Qxd7+ Kxd7 22. Ne5+ Kd6 23. Nxc6 bxc6 24. Rd1 c5 25. dxc5+ Kxc5 26. Rd7 Kb6 27. Rxg7 h6 28. Rh7 h5 29. Rxh5 Kb7 30. f4 c6 31. f5 a5 32. f6 Kb6 33. f7 c5 34. f8=Q c4 35. Rh6+ Kb5 36. Qf5+ Kb4 37. Rb6+ Ka4 38. Qb5# 1-0

[Event "Junior Online 4NCL Division 3"]
[Site "online"]
[Date "2021.10.28"]
[EventDate "2021.10.28"]
[Round "6.126"]
[White "Narasimhan, Srivathsan"]
[WhiteElo "501"]
[WhiteTeam "East Kilbride Rooks"]
[Black "Stehlin, Nathan"]
[BlackElo "1370"]
[BlackTeam "JHJ Shark Tank 6"]
[Result "0-1"]
[PlyCount "70"]

1. e4 c5 2. Nc3 e6 3. Nf3 d5 4. exd5 exd5 5. Bb5+ Nc6 6. O-O a6 7. Re1+ Be7 8. Ba4 b5 9. Bb3 c4 10. Ne5 Nxe5 11. Rxe5 Nf6 12. Nxd5 Nxd5 13. d4 cxb3 14. axb3 Be6 15. c4 bxc4 16. bxc4 Nb6 17. d5 Nxc4 18. Qa4+ Qd7 19. Qxc4 Bf5 20. Rxf5 Qxf5 21. Qc6+ Qd7 22. Qxa8+ Bd8 23. h3 O-O 24. Bd2 Bg5 25. Bxg5 Rxa8 26. Rd1 Qf5 27. h4 f6 28. Be3 Qg4 29. g3 Qxd1+ 30. Kg2 Qxd5+ 31. Kh3 Qf5+ 32. g4 Qf3+ 33. Kh2 Rd8 34. Bb6 Rd1 35. Be3 Rh1# 0-1

[Event "Junior Online 4NCL Division 3"]
[Site "online"]
[Date "2021.10.28"]
[EventDate "2021.10.28"]
[Round "6.127"]
[White "Agbota, Fenu"]
[WhiteElo "1300"]
[WhiteTeam "JHJ Shark Tank 6"]
[Black "Vinodh, Sampriti"]
[BlackElo "336"]
[BlackTeam "East Kilbride Rooks"]
[Result "1-0"]
[PlyCount "79"]

1. e4 e5 2. Nf3 Nc6 3. d4 exd4 4. Bc4 Nf6 5. e5 Nh5 6. g4 Bc5 7. gxh5 Bb4+ 8. c3 dxc3 9. bxc3 Bc5 10. Bxf7+ Kxf7 11. Qd5+ Ke8 12. Qxc5 d6 13. exd6 cxd6 14. Qe3+ Ne7 15. Bb2 b6 16. c4 Kf8 17. h6 gxh6 18. Qxh6+ Ke8 19. Bxh8 Nf5 20. Qh5+ Kf8 21. Nbd2 Qe7+ 22. Kd1 Ng7 23. Bxg7+ Qxg7 24. Rc1 Bg4 25. Qd5 Re8 26. Qxd6+ Re7 27. Re1 Bxf3+ 28. Nxf3 a5 29. Qd8+ Kf7 30. Rxe7+ Kg6 31. Qd6+ Qf6 32. Qxf6+ Kxf6 33. Rxh7 Ke6 34. Kd2 Kd6 35. Rg1 Kc5 36. Rh4 Kb4 37. Rb1+ Ka3 38. Kc2 Kxa2 39. c5 Ka3 40. Ra1# 1-0

[Event "Junior Online 4NCL Division 3"]
[Site "online"]
[Date "2021.10.28"]
[EventDate "2021.10.28"]
[Round "6.131"]
[White "Zhu, Pengxiao"]
[WhiteElo "1515"]
[WhiteTeam "London Dragons Americium"]
[Black "Jakhria, Kushal"]
[BlackElo "1678"]
[BlackTeam "Charlton Tigers"]
[Result "0-1"]
[PlyCount "112"]

1. d4 Nf6 2. c4 g6 3. Nc3 d5 4. Nf3 Bg7 5. Bf4 O-O 6. e3 c5 7. dxc5 Ne4 8. Rc1 Nxc3 9. bxc3 dxc4 10. Qxd8 Rxd8 11. Bxc4 Nd7 12. O-O Nxc5 13. Be5 a6 14. Bd4 Ne4 15. Rfd1 Bg4 16. h3 Bxf3 17. gxf3 Ng5 18. Kg2 h5 19. h4 Nh7 20. Rb1 b5 21. Bb3 Rac8 22. Rbc1 Nf6 23. a4 e6 24. axb5 axb5 25. Be5 Nd7 26. Bxg7 Kxg7 27. Rd3 Nc5 28. Rxd8 Rxd8 29. Bd1 Rd2 30. Rb1 Nd3 31. Kg3 Nxf2 32. Bb3 Nd3 33. c4 bxc4 34. Bxc4 Ne5 35. Rc1 Nxc4 36. Rxc4 Kf6 37. f4 Rd3 38. Kf3 Rd1 39. e4 Rd3+ 40. Kg2 Re3 41. Kf2 Rh3 42. Rc1 Rxh4 43. Kg3 Rg4+ 44. Kf3 g5 45. fxg5+ Rxg5 46. Rh1 Ke5 47. Rh4 Kf6 48. Rf4+ Kg6 49. Rh4 Ra5 50. Kf4 f6 51. Ke3 e5 52. Kf3 Ra3+ 53. Kf2 Kg5 54. Rh2 Ra2+ 55. Kg3 Rxh2 56. Kxh2 Kf4 0-1

[Event "Junior Online 4NCL Division 3"]
[Site "online"]
[Date "2021.10.28"]
[EventDate "2021.10.28"]
[Round "6.132"]
[White "Verbytski, Oleg"]
[WhiteElo "1462"]
[WhiteTeam "Charlton Tigers"]
[Black "Xu, Jiarui"]
[BlackElo "1452"]
[BlackTeam "London Dragons Americium"]
[Result "1-0"]
[PlyCount "49"]

1. e4 e5 2. Nf3 Nc6 3. Bc4 Bc5 4. O-O Nf6 5. d4 Nxd4 6. Nxe5 O-O 7. Be3 Ne6 8. Bxe6 Bxe3 9. Bxf7+ Rxf7 10. Nxf7 Kxf7 11. fxe3 d6 12. e5 Bg4 13. Qxg4 dxe5 14. Nc3 Kg8 15. Qg3 Qe7 16. Rf5 Nd7 17. Raf1 Re8 18. Nd5 Qd6 19. Rf7 g6 20. Qh3 h5 21. Rxd7 Qc6 22. Nf6+ Kf8 23. Nxh5+ Kg8 24. Nf6+ Kf8 25. Qh8# 1-0

[Event "Junior Online 4NCL Division 3"]
[Site "online"]
[Date "2021.10.28"]
[EventDate "2021.10.28"]
[Round "6.133"]
[White "Shi, Shaoquan"]
[WhiteElo "1501"]
[WhiteTeam "London Dragons Americium"]
[Black "Bazan, Mateusz"]
[BlackElo "1482"]
[BlackTeam "Charlton Tigers"]
[Result "1-0"]
[PlyCount "143"]

1. d4 Nf6 2. c4 g6 3. Nc3 Bg7 4. e4 d6 5. Nf3 Nbd7 6. Be2 O-O 7. h3 e5 8. d5 c6 9. Bg5 h6 10. Bh4 g5 11. Bg3 Nc5 12. Qc2 a5 13. h4 g4 14. Nd2 cxd5 15. Nxd5 Be6 16. Nxf6+ Qxf6 17. O-O Rac8 18. Qc3 b6 19. Qe3 Qg6 20. Rac1 f5 21. exf5 Rxf5 22. Bd3 Nxd3 23. Qxd3 Bf7 24. b3 Rf6 25. Qxg6 Bxg6 26. Rfe1 Rcf8 27. Ne4 Bxe4 28. Rxe4 Re6 29. Rxg4 Rc8 30. Rd1 b5 31. cxb5 Rb8 32. Rd5 Rc8 33. Ra4 Ra8 34. b6 Rb8 35. Raxa5 Rxb6 36. Ra8+ Kf7 37. Rc8 Re7 38. Rc2 Ke6 39. Rcd2 Ra7 40. f3 h5 41. Bf2 Rab7 42. Bxb6 Rxb6 43. R5d3 Bh6 44. Rc2 Ra6 45. a4 Bf4 46. Kf2 Bh6 47. Ra2 Bf8 48. b4 d5 49. b5 Ra5 50. b6 Bc5+ 51. Ke2 Bxb6 52. Rb3 Bc7 53. Rb5 Ra6 54. a5 Bxa5 55. Rbxa5 Rxa5 56. Rxa5 d4 57. Kd3 Kf5 58. g3 Ke6 59. Ke4 Kf6 60. Rxe5 d3 61. Rxh5 d2 62. Rd5 d1=Q 63. Rxd1 Kg6 64. g4 Kf6 65. f4 Kg6 66. g5 Kg7 67. f5 Kf7 68. h5 Kg7 69. g6 Kf8 70. f6 Ke8 71. h6 Kf8 72. Rd8# 1-0

[Event "Junior Online 4NCL Division 3"]
[Site "online"]
[Date "2021.10.28"]
[EventDate "2021.10.28"]
[Round "6.134"]
[White "Manikandan, Gaurav"]
[WhiteElo "1420"]
[WhiteTeam "Charlton Tigers"]
[Black "Gan, Mark"]
[BlackElo "1362"]
[BlackTeam "London Dragons Americium"]
[Result "1/2-1/2"]
[PlyCount "104"]

1. e4 c5 2. Nf3 g6 3. d4 cxd4 4. Nxd4 Nc6 5. Nc3 Bg7 6. Be3 Nf6 7. Bc4 O-O 8. O-O d5 9. exd5 Nb4 10. a3 Nbxd5 11. Nxd5 Nxd5 12. Bxd5 Qxd5 13. c3 e6 14. Nf3 Qxd1 15. Raxd1 b6 16. Bd4 f6 17. Rfe1 Rd8 18. h3 e5 19. Be3 Bb7 20. Nd2 Rd7 21. Nc4 Rad8 22. Rxd7 Rxd7 23. f4 e4 24. Bd4 Bh6 25. g3 f5 26. Ne5 Re7 27. Nc4 Re6 28. Kf2 Bf8 29. Ke3 Ba6 30. Nd2 Bd3 31. b4 Bg7 32. Nb3 Rc6 33. Rc1 Bf8 34. Nd2 Bg7 35. Nb3 Bf8 36. Nd2 Be7 37. h4 h5 38. Nb3 Kf7 39. Nd2 Ke6 40. c4 b5 41. c5 Bd8 42. Be5 Kd5 43. Nb3 a6 44. Nd4 Rc8 45. Rc3 Bc4 46. Nc2 Ke6 47. Nd4+ Kd5 48. Nc2 Be7 49. Ne1 Rc6 50. Nc2 Rc8 51. Nd4 Bf8 52. Nc2 Be7 1/2-1/2

[Event "Junior Online 4NCL Division 3"]
[Site "online"]
[Date "2021.10.28"]
[EventDate "2021.10.28"]
[Round "6.135"]
[White "Jakhria, Kushal"]
[WhiteElo "1678"]
[WhiteTeam "Charlton Tigers"]
[Black "Zhu, Pengxiao"]
[BlackElo "1515"]
[BlackTeam "London Dragons Americium"]
[Result "1-0"]
[PlyCount "109"]

1. d4 d5 2. c4 e6 3. Nf3 Nf6 4. g3 Be7 5. Bg2 O-O 6. O-O c6 7. Qc2 Nbd7 8. Nbd2 Nb6 9. b3 a5 10. e4 a4 11. Bb2 axb3 12. axb3 Rxa1 13. Rxa1 Qc7 14. e5 Ne8 15. Ba3 g6 16. Bc1 Ng7 17. Nf1 c5 18. Ba3 Nf5 19. dxc5 Bxc5 20. cxd5 Nd7 21. Rc1 b6 22. b4 Qa7 23. bxc5 Qxa3 24. c6 Nb8 25. d6 Kg7 26. Rd1 Ba6 27. d7 Qe7 28. Qa4 b5 29. Qc2 f6 30. Ra1 Bc8 31. dxc8=Q Rxc8 32. Rc1 Rxc6 33. Qb2 Rxc1 34. Qxc1 fxe5 35. Nxe5 Nd4 36. Qb2 Qf6 37. Qxd4 b4 38. Nf3 b3 39. Qxf6+ Kxf6 40. N3d2 b2 41. Be4 Na6 42. Nc4 Nc5 43. Bc2 e5 44. Nxb2 Kg5 45. Ne3 Ne6 46. Nd3 e4 47. Ne5 Nd4 48. Bxe4 Kf6 49. f4 g5 50. N3g4+ Ke6 51. fxg5 h5 52. gxh6 Ne2+ 53. Kf2 Nc3 54. Bd3 Nd5 55. h7 1-0

[Event "Junior Online 4NCL Division 3"]
[Site "online"]
[Date "2021.10.28"]
[EventDate "2021.10.28"]
[Round "6.136"]
[White "Xu, Jiarui"]
[WhiteElo "1452"]
[WhiteTeam "London Dragons Americium"]
[Black "Verbytski, Oleg"]
[BlackElo "1462"]
[BlackTeam "Charlton Tigers"]
[Result "0-1"]
[PlyCount "84"]

1. e4 c5 2. Nf3 d6 3. d4 cxd4 4. Nxd4 Nf6 5. Nc3 a6 6. Be3 e6 7. Be2 Be7 8. f3 Bd7 9. O-O Nc6 10. Nb3 O-O 11. Qd2 Rc8 12. Na4 Ne5 13. Nb6 Rc6 14. Nxd7 Qxd7 15. Na5 Rcc8 16. Nb3 d5 17. f4 Nxe4 18. Qd4 Nc6 19. Qd1 Bf6 20. c3 Be7 21. Bd3 Nf6 22. g4 g6 23. f5 e5 24. fxg6 fxg6 25. h3 e4 26. Be2 Qc7 27. Bf4 Bd6 28. Bg5 Bh2+ 29. Kh1 Nd7 30. Qxd5+ Kh8 31. Rxf8+ Rxf8 32. Bh6 Rf2 33. Bc4 Nf6 34. Qe6 Bg1 35. Bf4 Qxf4 36. Qc8+ Kg7 37. Qxb7+ Kh6 38. g5+ Kh5 39. Be2+ Rxe2 40. Qxh7+ Nxh7 41. Kxg1 Qf2+ 42. Kh1 Qh2# 0-1

[Event "Junior Online 4NCL Division 3"]
[Site "online"]
[Date "2021.10.28"]
[EventDate "2021.10.28"]
[Round "6.137"]
[White "Bazan, Mateusz"]
[WhiteElo "1482"]
[WhiteTeam "Charlton Tigers"]
[Black "Shi, Shaoquan"]
[BlackElo "1501"]
[BlackTeam "London Dragons Americium"]
[Result "1/2-1/2"]
[PlyCount "112"]

1. d4 d5 2. c4 c6 3. Nc3 Nf6 4. Nf3 dxc4 5. e4 b5 6. a4 b4 7. Na2 b3 8. Nc3 Ba6 9. Be3 e6 10. Nd2 Bb4 11. f3 Nbd7 12. Bxc4 Bxc4 13. Nxc4 Rb8 14. Qxb3 a5 15. Qc2 Nb6 16. Nxb6 Qxb6 17. O-O O-O 18. Bf2 Qa6 19. Rfd1 Rfc8 20. Qd3 Qxd3 21. Rxd3 Rd8 22. Bh4 Be7 23. g3 Rxb2 24. e5 Nd5 25. Nxd5 Bxh4 26. Ne3 Be7 27. Nc4 Rb4 28. Nxa5 Rc8 29. Rc3 Rb6 30. Rac1 Kf8 31. Nxc6 Bb4 32. Nxb4 Rxc3 33. Rxc3 Rxb4 34. Ra3 Rb6 35. a5 Ra6 36. Kf2 Ke7 37. Ke3 Kd7 38. Kd3 Kc6 39. Kc4 g6 40. g4 h6 41. f4 h5 42. h3 hxg4 43. hxg4 Ra8 44. a6 Ra7 45. g5 Kb6 46. Ra2 Kc6 47. Ra5 Kb6 48. Kb4 Kc6 49. Rc5+ Kb6 50. Rb5+ Kc6 51. Ka5 Ra8 52. Rc5+ Kd7 53. Kb6 Rb8+ 54. Ka5 Ra8 55. Rb5 Kc6 56. Rc5+ Kd7 1/2-1/2

[Event "Junior Online 4NCL Division 3"]
[Site "online"]
[Date "2021.10.28"]
[EventDate "2021.10.28"]
[Round "6.138"]
[White "Gan, Mark"]
[WhiteElo "1362"]
[WhiteTeam "London Dragons Americium"]
[Black "Manikandan, Gaurav"]
[BlackElo "1420"]
[BlackTeam "Charlton Tigers"]
[Result "0-1"]
[PlyCount "72"]

1. e4 e5 2. Nf3 Nc6 3. Bc4 Bc5 4. c3 Nf6 5. d4 exd4 6. cxd4 Bb4+ 7. Bd2 Bxd2+ 8. Nbxd2 O-O 9. Bb3 d5 10. e5 Ne4 11. O-O Bg4 12. Qc2 Nxd2 13. Qxd2 Bxf3 14. gxf3 Ne7 15. Kh1 c6 16. Rg1 Ng6 17. Rg3 Qe7 18. f4 f5 19. Bc2 Rf7 20. Rg5 Raf8 21. Rag1 Nh4 22. Qe2 h6 23. Rh5 Kh8 24. Rg3 g6 25. Rxh6+ Rh7 26. Rxh7+ Kxh7 27. Rh3 Kg7 28. Qe1 Rh8 29. f3 Kf8 30. Qg3 Kf7 31. Qg5 Rh5 32. Qg3 Kg7 33. Bxf5 Nxf5 34. Qg4 Rxh3 35. Qxh3 Qh4 36. Qf1 Ng3+ 0-1

[Event "Junior Online 4NCL Division 3"]
[Site "online"]
[Date "2021.10.28"]
[EventDate "2021.10.28"]
[Round "6.141"]
[White "Bates, Hubert"]
[WhiteElo "1400"]
[WhiteTeam "JHJ Shark Tank 5"]
[Black "Farsi-Holford, William"]
[BlackElo "1317"]
[BlackTeam "Wimbledon Juniors A"]
[Result "1-0"]
[PlyCount "65"]

1. e4 e5 2. Nf3 Nc6 3. Bc4 Nf6 4. d4 d6 5. dxe5 dxe5 6. Ng5 Qxd1+ 7. Kxd1 Rg8 8. Bxf7+ Ke7 9. Bxg8 Bg4+ 10. f3 Be6 11. Bxe6 Nd4 12. Bc4 Rd8 13. Nd2 Ke8 14. Nf7 Rd7 15. Nxe5 Rd6 16. c3 Nc6 17. Nxc6 Rxc6 18. Bb3 Bc5 19. Kc2 Be3 20. Nc4 Nd7 21. Bxe3 b5 22. Nd2 b4 23. Bd5 Rg6 24. g3 Ne5 25. f4 Nd7 26. cxb4 Nf6 27. Bb3 Kf8 28. Nf3 Nxe4 29. Ne5 Rh6 30. Kd3 Nd6 31. Rac1 Nb5 32. a4 Rd6+ 33. Ke4 1-0